00941nam a22001935i 450000100060000000300090000600500170001500700030003200800410003504000200007610000290009624503140012526000800043930000420051970000230056185200210058499900170060595201250062254218ES-MaACL20230906162922.0t|980331s1864 fr ||||1| fre d aCAM bspa cCAM1 aFischel, Edouard.95097413aLa Constitution d'Angleterre b: exposé historique et critique des origines, du développement successif et de l'état actuel de la loi et des institutions anglaises / cpar Edouard Fischel ; traduit sur la seconde édition allemande, comparée avec l'édition anglaise de R. Jenery Shee par Ch. Vogel. aParis : bC. Reinwald, Libraire-Editeur, c1864 (fA. Lainé et J. Havard) a2 t. en 1 v.(438 ; 508 p.) ; c23 cm.1 aVogel, Ch.9115646 aES-MaACLjF-7054 c54218d54218 001040708LIBXIXaATENEOMbATENEOMcDEPO2d2008-01-17eSCl0oF-7054p1056977r2023-02-23 00:00:00w2023-02-23yMONANT